000 00985nam a2200277Ia 4500
003 OSt
005 20220923231004.0
006 a|||||r|||| 00| 0
007 ta
008 220922b |||||||| |||| 00| 0 san d
020 _c250
024 _a349,414
037 _b370, 29/01/2019, Vidyanidhi Prakashan
_cTextual
040 _aARTS
_cARTS
_bsan
041 _2san
_asan
082 _aO15,1N43x, 152P7
100 _aमिश्र, राजेन्द्र, ले.
245 0 _aशालभन्जिका
246 _aShālabhanjikā
260 _aइलाहाबाद
_b वैजयन्त प्रकाशन
_c2007
300 _a162पृ0
_ccm.
650 _a संस्कृत साहित्य
650 _aसंस्कृत कविता
_9156350
942 _hO15,1N43x, 152P7
_cTEXL
_2CC
999 _c388636
_d388636